[Event "EYCC 2024 - O14"]
[Site "?"]
[Date "2024.08.31"]
[Round "9.16"]
[White "Kutanjac, Aleksandar"]
[Black "Auribault, Louis"]
[Result "1-0"]
[BlackElo "2081"]
[WhiteElo "2146"]
[LiveChessVersion "1.4.8"]

1. d4 {[%clk 1:30:57]} Nf6 {[%clk 1:30:52]} 2. Bf4 {[%clk 1:31:24]} b6
{[%clk 1:31:17]} 3. e3 {[%clk 1:31:46]} Bb7 {[%clk 1:31:42]} 4. Nf3
{[%clk 1:31:55]} Nh5 {[%clk 1:31:46]} 5. Bg3 {[%clk 1:30:37]} Nxg3
{[%clk 1:32:02]} 6. hxg3 {[%clk 1:30:53]} g6 {[%clk 1:32:23]} 7. c3
{[%clk 1:30:28]} Bg7 {[%clk 1:32:35]} 8. Nbd2 {[%clk 1:30:43]} e6
{[%clk 1:31:47]} 9. Bd3 {[%clk 1:30:07]} d6 {[%clk 1:32:08]} 10. Qe2
{[%clk 1:27:16]} a6 {[%clk 1:28:53]} 11. Be4 {[%clk 1:21:09]} c6 {[%clk 1:28:05]}
12. g4 {[%clk 1:17:42]} Nd7 {[%clk 1:25:58]} 13. g5 {[%clk 1:15:05]} Qe7
{[%clk 1:22:15]} 14. Bc2 {[%clk 1:09:54]} e5 {[%clk 1:21:44]} 15. dxe5
{[%clk 1:08:50]} Nxe5 {[%clk 1:21:12]} 16. Nxe5 {[%clk 1:07:31]} dxe5
{[%clk 1:14:34]} 17. O-O-O {[%clk 1:07:04]} O-O-O {[%clk 0:50:53]} 18. Ne4
{[%clk 0:58:12]} Kc7 {[%clk 0:47:41]} 19. Rxd8 {[%clk 0:41:43]} Qxd8
{[%clk 0:47:31]} 20. Rd1 {[%clk 0:36:46]} Qe7 {[%clk 0:45:36]} 21. Qc4
{[%clk 0:36:10]} h6 {[%clk 0:27:42]} 22. Bb3 {[%clk 0:32:20]} hxg5
{[%clk 0:26:27]} 23. Qxf7 {[%clk 0:31:57]} Qxf7 {[%clk 0:26:56]} 24. Bxf7
{[%clk 0:32:18]} Rh2 {[%clk 0:25:06]} 25. Be6 {[%clk 0:29:48]} Bc8
{[%clk 0:24:16]} 26. Bxc8 {[%clk 0:29:47]} Kxc8 {[%clk 0:24:45]} 27. Rd6
{[%clk 0:29:59]} Rh6 {[%clk 0:22:07]} 28. Rxc6+ {[%clk 0:30:06]} Kb7
{[%clk 0:22:18]} 29. Re6 {[%clk 0:30:29]} Bf8 {[%clk 0:22:08]} 30. Rxe5
{[%clk 0:30:44]} Rh1+ {[%clk 0:22:26]} 31. Kc2 {[%clk 0:31:05]} Bh6
{[%clk 0:22:02]} 32. Re6 {[%clk 0:31:24]} Rh4 {[%clk 0:21:22]} 33. g3
{[%clk 0:31:18]} Rh2 {[%clk 0:21:45]} 34. Rxg6 {[%clk 0:31:39]} g4
{[%clk 0:22:11]} 35. Kd2 {[%clk 0:31:48]} Bf8 {[%clk 0:21:59]} 36. Rxg4
{[%clk 0:31:54]} 1-0